000 01794nam0a2200325 4500
001 RU\NLR\BIBL_A\011758675
005 20180903163252.0
010 _a978-5-94760-280-7
_9500
021 _aRU
_bКН-П-18-045812
_9КН-П-18-3300
035 _a(NLR Aleph) 011758675
035 _a(RuMoRGB)009667918
090 _a11665753
_c11665753
100 _a20180726d2018 k y0rusy50 ca
101 0 _arus
102 _aRU
105 _aa z 000zy
200 1 _aИнформационные технологии в обучении иностранным языкам
_eмонография
_fТ. В. Алексеева
_gМинистерство культуры Российской Федерации, Федеральное государственное бюджетное образовательное учреждение высшего образования "Санкт-Петербургский государственный институт кино и телевидения"
210 _aСанкт-Петербург
_cСПбГИКиТ
_d2018
215 _a158, [1] с.
_cил., табл.
_d20
320 _aБиблиогр.: с. 150-155 (80 назв.)
606 1 _aИностранные языки
_xПреподавание
_xИнформационные технологии
_92114553
_3RU\NLR\AUTH\661581097
610 0 _aинформационные технологии в преподавании
686 1 _aЧ426.17(2Р)-231.1
686 1 _aЧ486.17(2Р)-231.1
700 1 _7ca
_8rus
_aАлексеева
_bТ. В.
_cканд. пед. наук
_f1974-
_gТамара Валентиновна
_9192915
_3RU\NLR\AUTH\770192966
942 _cBOOK
980 _aNBR
980 _aNB